| 000 | 00426nam a2200169Ia 4500 | ||
|---|---|---|---|
| 008 | 230711s9999||||xx |||||||||||||| ||und|| | ||
| 020 | _a978-81-7319-869-4 | ||
| 041 | _aENG | ||
| 082 |
_a629.89 _bSR-C |
||
| 100 | _aSrinivas,J | ||
| 245 | 0 | _aControl Systems and Mechatronics | |
| 250 | _a1st Ed. | ||
| 260 |
_c2011 _aNew Delhi _bNarosa Publishing House |
||
| 300 | _a296p. | ||
| 650 | _aMechanical Engineering | ||
| 942 | _cBK | ||
| 999 |
_c6657 _d6657 |
||